000 00373nam a22001577a 4500
003 MPLRDC
005 20220104142409.0
008 210129b ||||| |||| 00| 0 eng d
082 _a857.9 DGH-59 v.1
100 _a独孤红
245 _a铁血. 一
_c
260 _a
_b武侠春秋出版社
_c
300 _b
650 _a武侠小说
942 _cBK
_o857.9 DGH-59 v.1
999 _c30552
_d30542